[Event "GER Cup Net Final-B U2000"]
[Site "Playchess.com INT"]
[Date "2020.06.06"]
[Round "6"]
[White "Hehn, Hartmut"]
[Black "Fabregas, Oliver"]
[Result "1/2-1/2"]
[WhiteElo "1824"]
[BlackElo "1940"]
[PlyCount "134"]
[EventDate "2020.06.06"]
[EventType "swiss (blitz)"]
[EventRounds "13"]
[EventCountry "GER"]
[SourceTitle "CBM 197 Extra"]
[Source "ChessBase"]
[SourceDate "2020.09.30"]
[SourceVersion "1"]
[SourceVersionDate "2020.09.30"]
[SourceQuality "1"]

1. e4 c6 2. Nf3 d5 3. exd5 cxd5 4. Ne5 Qc7 5. Bb5+ Nc6 6. d4 a6 7. Bxc6+ bxc6 8. 0-0 Nf6 9. Nc3 e6 10. Re1 Bd6 11. h3 0-0 12. f4 Rb8 13. b3 c5 14. Na4 cxd4 15. Qxd4 Bd7 16. Be3 Bxa4 17. Qxa4 a5 18. c4 Rfc8 19. Bd2 Bb4 20. Bxb4 axb4 21. cxd5 Nxd5 22. Nd7 Ra8 23. Qb5 Ra5 24. Qd3 Qxd7 25. f5 Rc3 26. fxe6 fxe6 27. Qd4 Rac5 28. Rad1 Rc2 29. Rd2 Rc1 30. Rdd1 Rxd1 31. Rxd1 Qc7 32. Qg4 Qe5 33. Qh4 Qf6 34. Qg3 h6 35. Rf1 Qd4+ 36. Kh1 Rc3 37. Qb8+ Kh7 38. Qe8 Qe5 39. Qf8 Rc2 40. Qf3 Ne3 41. Rg1 Rxa2 42. Re1 Qg5 43. Rxe3 Ra1+ 44. Kh2 Rf1 45. Qe4+ Qf5 46. Qxe6 Qf4+ 47. Rg3 Rh1+ 48. Kxh1 Qxg3 49. Qe4+ Kg8 50. Qxb4 Qf2 51. Qb5 Qe1+ 52. Kh2 Kh7 53. Qc4 h5 54. h4 Qf2 55. b4 Qf6 56. b5 Qd6+ 57. Kh3 Qd7+ 58. g4 hxg4+ 59. Qxg4 Qxb5 60. Qg5 Qd3+ 61. Kg4 Qe4+ 62. Kh3 Qf3+ 63. Qg3 Qf5+ 64. Kg2 Qe4+ 65. Kh3 Qf5+ 66. Kg2 Qe4+ 67. Kh3 Qf5+ 1/2-1/2

[Event "GER Cup Net Final-B U2000"]
[Site "Playchess.com INT"]
[Date "2020.06.06"]
[Round "8"]
[White "Hehn, Hartmut"]
[Black "Lerch, Martin Erik"]
[Result "0-1"]
[WhiteElo "1824"]
[BlackElo "1931"]
[PlyCount "140"]
[EventDate "2020.06.06"]
[EventType "swiss (blitz)"]
[EventRounds "13"]
[EventCountry "GER"]
[SourceTitle "CBM 197 Extra"]
[Source "ChessBase"]
[SourceDate "2020.09.30"]
[SourceVersion "1"]
[SourceVersionDate "2020.09.30"]
[SourceQuality "1"]

1. e4 e6 2. b3 d5 3. Bb2 dxe4 4. Nc3 Nf6 5. g4 Bd7 6. Bg2 Bc6 7. g5 Nd5 8. Nxe4 Nf4 9. Bf3 Rg8 10. Ne2 Nh3 11. Nd4 Nxg5 12. Nxg5 Qxg5 13. Nxc6 Nxc6 14. Bxc6+ bxc6 15. Qf3 Qd5 16. Ke2 Qxf3+ 17. Kxf3 0-0-0 18. d3 Bc5 19. Rhg1 Bd4 20. c3 Bf6 21. d4 e5 22. dxe5 Bxe5 23. Rae1 Bf6 24. Re2 Rge8 25. Rge1 Rd3+ 26. Re3 Rexe3+ 27. Rxe3 Rxe3+ 28. fxe3 Kd7 29. Ke4 Ke6 30. h3 Be5 31. Kd3 Kd5 32. Ba3 c5 33. e4+ Kc6 34. Kc4 Bd6 35. Bc1 f6 36. Be3 g5 37. b4 cxb4 38. cxb4 a6 39. a4 h5 40. b5+ axb5+ 41. axb5+ Kd7 42. Kd5 g4 43. hxg4 hxg4 44. Bd4 Be5 45. Bg1 g3 46. b6 cxb6 47. Bxb6 g2 48. Bg1 Ke7 49. Kc4 Ke6 50. Kd3 Bf4 51. Ke2 Ke5 52. Kf3 Bg5 53. Kxg2 Kxe4 54. Kf1 f5 55. Ke2 f4 56. Bf2 f3+ 57. Kf1 Kd3 58. Bg3 Be3 59. Be1 Bd4 60. Bg3 Ke4 61. Bh4 Kf4 62. Be1 Kg4 63. Bd2 Kg3 64. Bb4 Kh2 65. Be7 Kh3 66. Bf8 Kg3 67. Be7 Be3 68. Bd6+ Kg4 69. Be5 Bf4 70. Bc7 Bxc7 0-1

[Event "GER Cup Net Final-B U2000"]
[Site "Playchess.com INT"]
[Date "2020.06.06"]
[Round "13"]
[White "Schmitt, Carsten1111"]
[Black "Hehn, Hartmut"]
[Result "0-1"]
[WhiteElo "1738"]
[BlackElo "1824"]
[PlyCount "146"]
[EventDate "2020.06.06"]
[EventType "swiss (blitz)"]
[EventRounds "13"]
[EventCountry "GER"]
[SourceTitle "CBM 197 Extra"]
[Source "ChessBase"]
[SourceDate "2020.09.30"]
[SourceVersion "1"]
[SourceVersionDate "2020.09.30"]
[SourceQuality "1"]

1. c4 f5 2. g3 Nf6 3. Bg2 g6 4. e3 Bg7 5. Ne2 d6 6. 0-0 0-0 7. d3 e5 8. Nbc3 Kh8 9. f4 Nc6 10. Rb1 a5 11. a3 Be6 12. b4 axb4 13. axb4 Qc8 14. b5 Ne7 15. h3 e4 16. Nd4 Bf7 17. dxe4 Nxe4 18. Nxe4 fxe4 19. Qc2 d5 20. c5 Nf5 21. Qf2 Ra4 22. Bb2 Nxd4 23. Bxd4 Bxd4 24. exd4 Ra3 25. Ra1 Qa8 26. Qb2 Rxa1 27. Rxa1 Qd8 28. Kf2 Be8 29. Ke3 Bd7 30. Ra7 b6 31. c6 Be6 32. Qa3 Kg7 33. Qa6 Rf7 34. Qa1 Qe7 35. Ra8 Qb4 36. Bf1 Qb3+ 37. Kf2 g5 38. Ra3 Qc2+ 39. Kg1 gxf4 40. Ra2 Qb3 41. gxf4 Kf6 42. Rg2 Bxh3 43. Rh2 Qe3+ 44. Kh1 Qf3+ 45. Kg1 Bf5 46. Qa8 Rg7+ 47. Rg2 Rxg2+ 48. Bxg2 Qe3+ 49. Kh2 Qxf4+ 50. Kg1 Qd6 51. Qh8+ Kg6 52. Qg8+ Kh6 53. Bf1 Bg6 54. Be2 Qf6 55. Qc8 Qg5+ 56. Kf1 Qc1+ 57. Kg2 Qf4 58. Qh3+ Kg7 59. Qd7+ Bf7 60. Qg4+ Qxg4+ 61. Bxg4 Kf6 62. Kf2 Kg5 63. Kg3 h5 64. Bh3 h4+ 65. Kf2 Kf4 66. Ke2 Bh5+ 67. Kf2 Bg4 68. Bg2 e3+ 69. Ke1 Be6 70. Ke2 h3 71. Bh1 Bg4+ 72. Ke1 Bf3 73. Bxf3 Kxf3 0-1

[Event "GER Cup Net V3 U2000"]
[Site "Playchess.com INT"]
[Date "2020.05.27"]
[Round "3"]
[White "Hehn, Hartmut"]
[Black "Schoen, Florian"]
[Result "1/2-1/2"]
[WhiteElo "1921"]
[BlackElo "1647"]
[PlyCount "114"]
[EventDate "2020.05.27"]
[EventType "swiss (blitz)"]
[EventRounds "9"]
[EventCountry "GER"]
[SourceTitle "EXT 2021"]
[Source "ChessBase"]
[SourceDate "2020.10.23"]
[SourceVersion "1"]
[SourceVersionDate "2020.10.23"]
[SourceQuality "1"]

1. e4 e5 2. Nf3 Nc6 3. Bc4 Bc5 4. 0-0 Nf6 5. h3 d6 6. c3 h6 7. d4 exd4 8. cxd4 Bb4 9. Bd3 0-0 10. Nc3 Re8 11. Re1 Bxc3 12. bxc3 Qe7 13. Qc2 a6 14. a4 Nd8 15. Rb1 Ne6 16. e5 dxe5 17. Nxe5 Nd7 18. Nxd7 Qxd7 19. Bd2 b6 20. Be4 Rb8 21. a5 b5 22. f4 Bb7 23. Bxb7 Rxb7 24. f5 Nf8 25. Rxe8 Qxe8 26. Re1 Qd7 27. Qe4 Rb8 28. Bf4 Nh7 29. g4 Nf6 30. Qf3 Nd5 31. Bd2 b4 32. c4 Nf6 33. d5 Qd6 34. Kg2 Qc5 35. Qb3 Qxa5 36. Kf3 Qa3 37. Qxa3 bxa3 38. Ra1 Rb3+ 39. Kf4 Rxh3 40. Be3 h5 41. g5 Rh4+ 42. Kf3 Ng4 43. Bc5 Ne5+ 44. Kg3 Rxc4 45. Bxa3 Rg4+ 46. Kh3 Rxg5 47. Be7 Rxf5 48. Rxa6 Ng6 49. Bd8 Rxd5 50. Bxc7 Rd3+ 51. Kg2 h4 52. Ra8+ Kh7 53. Ra4 h3+ 54. Kh2 f5 55. Ra5 Nh4 56. Bg3 Rd2+ 57. Kxh3 Nf3 1/2-1/2

[Event "GER-ch Net Amateur Gr-A Vor3"]
[Site "Playchess.com INT"]
[Date "2020.04.16"]
[Round "3"]
[White "Hehn, Hartmut"]
[Black "Tiarks, Jann Christian"]
[Result "1-0"]
[WhiteElo "1801"]
[BlackElo "1946"]
[PlyCount "80"]
[EventDate "2020.04.16"]
[EventType "swiss (blitz)"]
[EventRounds "9"]
[EventCountry "GER"]
[SourceTitle "CBM 195 Extra"]
[Source "ChessBase"]
[SourceDate "2020.05.31"]
[SourceVersion "1"]
[SourceVersionDate "2020.05.31"]
[SourceQuality "1"]

1. e4 c5 2. Nf3 d6 3. d4 cxd4 4. Nxd4 Nf6 5. Nc3 a6 6. Bg5 e6 7. f4 h6 8. Bh4 Qb6 9. Qd2 Be7 10. Bxf6 Bxf6 11. 0-0-0 0-0 12. g4 Nc6 13. Nxc6 Qxc6 14. g5 hxg5 15. Qd3 gxf4 16. e5 Bxe5 17. Ne4 Qb6 18. c3 d5 19. Ng5 Qe3+ 20. Kc2 Qxd3+ 21. Bxd3 f6 22. Nf3 Bc7 23. h4 e5 24. Bg6 Be6 25. h5 Bf7 26. Rdg1 Bxg6+ 27. hxg6 Rfd8 28. Rh7 Kf8 29. Nh4 Ke7 30. Nf5+ Ke6 31. Nxg7+ Kd6 32. Nf5+ Kc6 33. g7 Bd6 34. Rg6 Rg8 35. Rxf6 Rad8 36. Rxd6+ Rxd6 37. Ne7+ Kc5 38. Nxg8 Rg6 39. Ne7 Rg2+ 40. Kb3 a5 1-0

[Event "GER-ch Net Amateur Gr-A Vor2"]
[Site "Playchess.com INT"]
[Date "2020.04.15"]
[Round "1"]
[White "Mueller, Adrian"]
[Black "Hehn, Hartmut"]
[Result "0-1"]
[WhiteElo "2007"]
[BlackElo "1725"]
[PlyCount "96"]
[EventDate "2020.04.15"]
[EventType "swiss (blitz)"]
[EventRounds "9"]
[EventCountry "GER"]
[SourceTitle "CBM 196 Extra"]
[Source "ChessBase"]
[SourceDate "2020.07.31"]
[SourceVersion "1"]
[SourceVersionDate "2020.07.31"]
[SourceQuality "1"]

1. e4 c6 2. d4 d5 3. Nc3 dxe4 4. Nxe4 Nf6 5. Nxf6+ exf6 6. Bc4 Na6 7. Nf3 Nc7 8. 0-0 Be7 9. Re1 0-0 10. c3 Bg4 11. h3 Bh5 12. Bf4 Bd6 13. Bxd6 Qxd6 14. Be2 Rfe8 15. Qd2 Re7 16. Nh2 Bxe2 17. Rxe2 Rae8 18. Rae1 h6 19. Ng4 h5 20. Ne3 g6 21. Qd3 b5 22. b3 a6 23. h4 f5 24. Nf1 Nd5 25. g3 Nf6 26. Rxe7 Rxe7 27. Rxe7 Qxe7 28. Qe3 Qxe3 29. Nxe3 Ne4 30. c4 Kf8 31. Kg2 Ke7 32. Kf3 f6 33. a4 bxa4 34. bxa4 Ke6 35. Ke2 Nc3+ 36. Kd3 Nxa4 37. d5+ cxd5 38. cxd5+ Ke5 39. f4+ Kd6 40. Kd4 Nb6 41. Nc4+ Nxc4 42. Kxc4 a5 43. Kb5 Kxd5 44. Kxa5 Ke4 45. Kb5 Kf3 46. Kc5 Kxg3 47. Kd6 Kxf4 48. Ke6 g5 0-1

[Event "GER-ch Net Amateur Gr-A Vor1"]
[Site "Playchess.com INT"]
[Date "2020.04.14"]
[Round "1"]
[White "Dahl, Christoph"]
[Black "Hehn, Hartmut"]
[Result "1-0"]
[WhiteElo "2093"]
[BlackElo "1811"]
[PlyCount "31"]
[EventDate "2020.04.14"]
[EventType "swiss (blitz)"]
[EventRounds "9"]
[EventCountry "GER"]
[SourceTitle "EXT 2021"]
[Source "ChessBase"]
[SourceDate "2020.10.23"]
[SourceVersion "1"]
[SourceVersionDate "2020.10.23"]
[SourceQuality "1"]

1. e4 c6 2. Nc3 d5 3. Nf3 Bg4 4. h3 Bh5 5. exd5 cxd5 6. g4 Bg6 7. Bb5+ Nc6 8. Ne5 Rc8 9. h4 d4 10. h5 Bxc2 11. Qxc2 dxc3 12. dxc3 Qd5 13. Bxc6+ bxc6 14. Qf5 Qxh1+ 15. Ke2 Kd8 16. Qd7# 1-0

[Event "GER-ch Net Amateur Gr-A Vor1"]
[Site "Playchess.com INT"]
[Date "2020.04.14"]
[Round "2"]
[White "Haack, Kevin"]
[Black "Hehn, Hartmut"]
[Result "1-0"]
[WhiteElo "1568"]
[BlackElo "1805"]
[PlyCount "93"]
[EventDate "2020.04.14"]
[EventType "swiss (blitz)"]
[EventRounds "9"]
[EventCountry "GER"]
[SourceTitle "EXT 2021"]
[Source "ChessBase"]
[SourceDate "2020.10.23"]
[SourceVersion "1"]
[SourceVersionDate "2020.10.23"]
[SourceQuality "1"]

1. c4 c6 2. e4 d5 3. exd5 cxd5 4. cxd5 Nf6 5. Qa4+ Nbd7 6. Nc3 g6 7. Nf3 Bg7 8. Qb3 0-0 9. Bc4 Nc5 10. Qa3 b6 11. d3 Bb7 12. b4 Ncd7 13. 0-0 a5 14. Qb3 axb4 15. Qxb4 Ng4 16. Qb3 Nc5 17. Qc2 Rc8 18. Ba3 Ba6 19. Bxc5 Bxc4 20. dxc4 Rxc5 21. Nd2 Qc7 22. Rfc1 Qxh2+ 23. Kf1 Qh1+ 24. Ke2 Qxg2 25. Rf1 Rxc4 26. Nxc4 Rc8 27. Qd3 Bxc3 28. Qxc3 b5 29. Qf3 Qxf3+ 30. Kxf3 Rxc4 31. Rfc1 Ne5+ 32. Ke2 Rd4 33. Rc5 Ng4 34. Rxb5 Rc4 35. a4 Rc2+ 36. Kf3 Nxf2 37. a5 Nd3 38. a6 Ne5+ 39. Ke4 Nc4 40. Kd3 Nd6 41. Kxc2 Nxb5 42. a7 Nxa7 43. Rxa7 Kg7 44. Rxe7 Kf6 45. d6 h5 46. Re1 g5 47. d7 1-0

[Event "GER-ch Net Amateur Gr-A Vor1"]
[Site "Playchess.com INT"]
[Date "2020.04.14"]
[Round "8"]
[White "Haase, Thomas Konstantin"]
[Black "Hehn, Hartmut"]
[Result "1-0"]
[WhiteElo "1649"]
[BlackElo "1733"]
[PlyCount "47"]
[EventDate "2020.04.14"]
[EventType "swiss (blitz)"]
[EventRounds "9"]
[EventCountry "GER"]
[SourceTitle "EXT 2021"]
[Source "ChessBase"]
[SourceDate "2020.10.23"]
[SourceVersion "1"]
[SourceVersionDate "2020.10.23"]
[SourceQuality "1"]

1. d4 c5 2. d5 e5 3. c4 d6 4. Nc3 Be7 5. g3 a6 6. Bg2 Bg5 7. e3 h5 8. f4 Bf6 9. Nf3 Qe7 10. Qe2 Nd7 11. Ne4 Rb8 12. 0-0 b5 13. b3 exf4 14. Nxf6+ Ngxf6 15. gxf4 Ne4 16. Bb2 Ndf6 17. Ng5 Bg4 18. Qc2 Nxg5 19. fxg5 Nh7 20. Bxg7 Qxg5 21. Bxh8 Qxe3+ 22. Kh1 Kd7 23. Rxf7+ Kc8 24. Qxh7 1-0

[Event "GER-ch Net blitz qual4"]
[Site "Playchess.com INT"]
[Date "2020.03.23"]
[Round "3"]
[White "Hehn, Hartmut"]
[Black "Koepke, Christian"]
[Result "0-1"]
[WhiteElo "1991"]
[BlackElo "2342"]
[PlyCount "178"]
[EventDate "2020.03.23"]
[EventType "swiss (blitz)"]
[EventRounds "9"]
[EventCountry "GER"]
[SourceTitle "CBM 195 Extra"]
[Source "ChessBase"]
[SourceDate "2020.05.31"]
[SourceVersion "1"]
[SourceVersionDate "2020.05.31"]
[SourceQuality "1"]

1. e4 d5 2. exd5 Nf6 3. c4 e6 4. dxe6 Bxe6 5. d3 Nc6 6. Be2 Bb4+ 7. Bd2 Qe7 8. Nf3 0-0-0 9. 0-0 Rhe8 10. Re1 Bxd2 11. Nbxd2 Bf5 12. Bf1 Qd6 13. Rxe8 Rxe8 14. Qb3 Rd8 15. c5 Qxc5 16. Qxf7 Ng4 17. d4 Nxd4 18. Nxd4 Rxd4 19. Nb3 Qe5 20. Qh5 Nf6 21. Qe2 Re4 22. Qd2 Ng4 23. g3 Qe7 24. Bg2 Re2 25. Qd5 Be4 26. Qg8+ Qd8 27. Qxd8+ Kxd8 28. Bxe4 Rxe4 29. f3 Rc4 30. fxg4 Rxg4 31. Rd1+ Kc8 32. Rd2 b6 33. Kg2 c5 34. a3 Kc7 35. Nc1 Kc6 36. Ne2 Re4 37. h3 b5 38. Nc3 Re3 39. Re2 Rd3 40. Kf2 a5 41. Ne4 c4 42. Ng5 h6 43. Ne6 g5 44. Nf8 Kc5 45. Re5+ Kc6 46. Ng6 b4 47. axb4 axb4 48. Ke2 Rxg3 49. Ne7+ Kd7 50. Nd5 c3 51. bxc3 bxc3 52. Nb6+ Kc6 53. Na4 Rxh3 54. Rc5+ Kd6 55. Rxc3 Rh4 56. Nb2 Rh2+ 57. Kf3 Rxb2 58. Kg4 Rh2 59. Ra3 Ke5 60. Rf3 Rh4+ 61. Kg3 Rf4 62. Re3+ Kf5 63. Re8 Kg6 64. Ra8 Kh5 65. Ra5 Rb4 66. Kg2 Kh4 67. Ra3 g4 68. Ra6 h5 69. Ra2 Rb3 70. Rc2 Rf3 71. Rd2 Kg5 72. Re2 h4 73. Rc2 h3+ 74. Kh2 Kh4 75. Rc4 Rf2+ 76. Kg1 Ra2 77. Rb4 Rd2 78. Rc4 Kg3 79. Rc3+ Kf4 80. Rc4+ Kf3 81. Rc3+ Ke4 82. Rc4+ Rd4 83. Rc3 Kf4 84. Rb3 g3 85. Rb1 Rd2 86. Rf1+ Ke3 87. Re1+ Kf3 88. Rb1 Ke2 89. Ra1 Rd1+ 0-1

[Event "GER-ch Net blitz qual4"]
[Site "Playchess.com INT"]
[Date "2020.03.23"]
[Round "8"]
[White "Hehn, Hartmut"]
[Black "Perestjuk, Marko"]
[Result "0-1"]
[WhiteElo "1991"]
[BlackElo "2126"]
[PlyCount "76"]
[EventDate "2020.03.23"]
[EventType "swiss (blitz)"]
[EventRounds "9"]
[EventCountry "GER"]
[SourceTitle "CBM 195 Extra"]
[Source "ChessBase"]
[SourceDate "2020.05.31"]
[SourceVersion "1"]
[SourceVersionDate "2020.05.31"]
[SourceQuality "1"]

1. e4 e6 2. b3 d5 3. Bb2 dxe4 4. Nc3 Nf6 5. g4 Bc5 6. g5 Qd4 7. Qe2 Nd5 8. 0-0-0 Nc6 9. Qxe4 Nxc3 10. Qxd4 Nxa2+ 11. Kb1 Bxd4 12. Bxd4 Nxd4 13. Kxa2 Bd7 14. c3 Nf5 15. Bg2 Nd6 16. Ne2 a5 17. f4 a4 18. b4 Bb5 19. d3 Ke7 20. Nd4 Bd7 21. Rhe1 Kf8 22. c4 Ra7 23. Ka3 g6 24. Nc2 h6 25. h4 hxg5 26. hxg5 Rh2 27. Rd2 Nf5 28. Ree2 Ke7 29. Be4 Rxe2 30. Rxe2 b6 31. Bxf5 gxf5 32. b5 c5 33. d4 cxd4 34. Nxd4 Kd6 35. Rd2 Kc5 36. Nc2 Kxc4 37. Rd6 Bxb5 38. Rxb6 Rd7 0-1

[Event "GER-ch Net blitz qual3"]
[Site "Playchess.com INT"]
[Date "2020.03.21"]
[Round "2"]
[White "Hehn, Hartmut"]
[Black "Rudolf, Thomas"]
[Result "0-1"]
[WhiteElo "1991"]
[BlackElo "2226"]
[PlyCount "108"]
[EventDate "2020.03.21"]
[EventType "swiss (blitz)"]
[EventRounds "9"]
[EventCountry "GER"]
[SourceTitle "CBM 195 Extra"]
[Source "ChessBase"]
[SourceDate "2020.05.31"]
[SourceVersion "1"]
[SourceVersionDate "2020.05.31"]
[SourceQuality "1"]

1. e4 d6 2. Nf3 e5 3. h3 Nf6 4. Nc3 Be7 5. d4 exd4 6. Nxd4 0-0 7. a4 c5 8. Nde2 Nc6 9. Ng3 Be6 10. b3 d5 11. exd5 Nxd5 12. Bb2 Bf6 13. Nge4 Nxc3 14. Bxc3 Bxc3+ 15. Nxc3 Nd4 16. Bd3 Qg5 17. g3 Bf5 18. Bxf5 Qxf5 19. 0-0 Qxh3 20. Nd5 Rfe8 21. Qd3 Ne2+ 22. Qxe2 Rxe2 23. Nf4 Qg4 24. Nxe2 Qxe2 25. Rad1 Qxc2 26. Rd7 Qxb3 27. Rfd1 g6 28. R1d3 Qxa4 29. Rxb7 c4 30. Rdd7 Rf8 31. Rxa7 Qc2 32. Rdc7 c3 33. Kg2 Qd2 34. Ra3 c2 35. Rac3 Qd5+ 36. Kh2 Re8 37. Rxc2 Re1 38. Rc8+ Kg7 39. f3 Qxf3 40. Rg2 h5 41. Rcc2 Qf1 42. g4 Qh1+ 43. Kg3 hxg4 44. Rcf2 f5 45. Re2 Rxe2 46. Rxe2 Qf3+ 47. Kh4 Qxe2 48. Kg5 Qe7+ 49. Kf4 Kf6 50. Kg3 Kg5 51. Kf2 Kf4 52. Kg2 Qe3 53. Kf1 Qd2 54. Kg1 Kg3 0-1

[Event "GER-ch Net blitz qual3"]
[Site "Playchess.com INT"]
[Date "2020.03.21"]
[Round "6"]
[White "Hehn, Hartmut"]
[Black "Stierhof, Michael"]
[Result "1/2-1/2"]
[WhiteElo "1991"]
[BlackElo "1764"]
[PlyCount "59"]
[EventDate "2020.03.21"]
[EventType "swiss (blitz)"]
[EventRounds "9"]
[EventCountry "GER"]
[SourceTitle "CBM 195 Extra"]
[Source "ChessBase"]
[SourceDate "2020.05.31"]
[SourceVersion "1"]
[SourceVersionDate "2020.05.31"]
[SourceQuality "1"]

1. e4 c5 2. Nf3 g6 3. c4 Bg7 4. d4 cxd4 5. Nxd4 Nc6 6. Be3 Nf6 7. Nc3 0-0 8. Be2 d6 9. Rc1 Bd7 10. b3 Nxd4 11. Bxd4 Bc6 12. Bf3 Qa5 13. a4 e5 14. Be3 Nxe4 15. Bxe4 Bxe4 16. 0-0 Bc6 17. Qxd6 Rad8 18. Qc5 Qc7 19. Qxa7 Rd3 20. Nb5 Qd7 21. Rb1 Bxg2 22. Kxg2 Qg4+ 23. Kh1 Qf3+ 24. Kg1 e4 25. Nd4 Bxd4 26. Bxd4 Qg4+ 27. Kh1 Qf3+ 28. Kg1 Qg4+ 29. Kh1 Qf3+ 30. Kg1 1/2-1/2

[Event "Heusenstamm Sparkassen op-A 5th"]
[Site "Heusenstamm"]
[Date "2018.11.25"]
[Round "6"]
[White "Hehn, Hartmut"]
[Black "Siddharth, Jagadeesh"]
[Result "1/2-1/2"]
[WhiteElo "2016"]
[BlackElo "2215"]
[PlyCount "45"]
[EventDate "2018.11.22"]
[EventType "swiss"]
[EventRounds "7"]
[EventCountry "GER"]
[SourceTitle "CBM 188 Extra"]
[Source "ChessBase"]
[SourceDate "2019.02.26"]
[SourceVersion "1"]
[SourceVersionDate "2019.02.26"]
[SourceQuality "1"]

1. e4 c6 2. d4 d5 3. Nc3 dxe4 4. Nxe4 Nd7 5. Bd3 Ngf6 6. Ne2 Nxe4 7. Bxe4 Nf6 8. Bf3 Bf5 9. Ng3 Bg6 10. c3 e6 11. Bg5 Be7 12. 0-0 Qb6 13. Qb3 Qc7 14. Rfe1 0-0-0 15. Rad1 h5 16. Ne4 Rde8 17. Nxf6 gxf6 18. Bxf6 Bxf6 19. Qc4 Reg8 20. b4 Kb8 21. b5 cxb5 22. Qxb5 Bc2 23. Rd2 1/2-1/2

[Event "Heusenstamm Sparkassen op-A 5th"]
[Site "Heusenstamm"]
[Date "2018.11.24"]
[Round "4"]
[White "Hehn, Hartmut"]
[Black "Rabiya, Karim"]
[Result "1/2-1/2"]
[WhiteElo "2016"]
[BlackElo "1754"]
[PlyCount "154"]
[EventDate "2018.11.22"]
[EventType "swiss"]
[EventRounds "7"]
[EventCountry "GER"]
[SourceTitle "CBM 188 Extra"]
[Source "ChessBase"]
[SourceDate "2019.02.26"]
[SourceVersion "1"]
[SourceVersionDate "2019.02.26"]
[SourceQuality "1"]

1. e4 Nf6 2. e5 Nd5 3. d4 d6 4. c4 Nb6 5. exd6 cxd6 6. Nc3 g6 7. b3 Bg7 8. Bb2 0-0 9. Rc1 Nc6 10. d5 Nd4 11. Bd3 e5 12. dxe6 fxe6 13. Nge2 Qh4 14. 0-0 d5 15. c5 Nd7 16. Na4 e5 17. Nxd4 exd4 18. g3 Qh3 19. f4 Nf6 20. Qf3 Bg4 21. Qg2 Qxg2+ 22. Kxg2 Ne4 23. Rfe1 Bd7 24. c6 Bxc6 25. Nc5 Rae8 26. b4 a6 27. Nxa6 Ra8 28. b5 Bxb5 29. Bxb5 bxa6 30. Bc6 Rad8 31. Bxd5+ Rxd5 32. Rxe4 Rb8 33. Ba1 a5 34. Kf3 Rb7 35. Rd1 Rb4 36. g4 a4 37. h4 Rc4 38. Rd2 Kf7 39. Re1 Bf6 40. g5 Bd8 41. Ke4 Rd7 42. Rb1 Bc7 43. Rxd4 Rdxd4+ 44. Bxd4 Ke6 45. h5 Bxf4 46. hxg6 hxg6 47. Rb6+ Bd6 48. Kd3 Rb4 49. Ra6 Kd5 50. Ra5+ Kc6 51. Kc3 Rb5 52. Ra6+ Kd7 53. Rxa4 Rxg5 54. Ra7+ Kc6 55. Ra6+ Kd7 56. a4 Rg3+ 57. Kc4 Rg4 58. Kd5 Rg5+ 59. Ke4 Rg4+ 60. Ke3 g5 61. Ba7 Rc4 62. Kf3 g4+ 63. Ke2 g3 64. Be3 Rc2+ 65. Kd3 Rc8 66. Ra7+ Bc7 67. Ke2 Rf8 68. Bb6 Re8+ 69. Kf3 Rf8+ 70. Kg2 Rc8 71. Bxc7 Rxc7 72. Ra8 Rc3 73. a5 Kc7 74. Rg8 Kb7 75. Rg6 Ra3 76. Rxg3 Rxg3+ 77. Kxg3 Ka6 1/2-1/2